Life is Strange - Statistiques

Statistiques générales
  • Ce quiz a été pris 46 fois
  • Le résultat moyen est 8 sur 10
Statistiques - réponses
Question Réponse % Correct
Quelle ville se retrouve détruite par une tempête ? Arcadia Bay
100%
De quoi est mort le père de Chloe ? Un accident de voiture
97%
Qui est le plus immonde des professeurs que Max ait rencontrer ? Mark Jefferson
95%
Avec quel pouvoir Max peut-elle voyager dans le temps pour revenir dans des évennements passés ? Voyage à travers des photos polaroids
95%
Ou se trouve Arcadia Bay ? Oregon
92%
Quel est le nom de la confidente de Chloe ? Rachel
92%
De qui Max est réellement amoureuse ? Chloe
90%
Quel est le nom de la nouvelle amie de Max ? Safi
62%
Qui a tué Rachel Amber ? Nathan Prescott
23%
Qu'est-ce qui est le plus important pour Max lorsque la tempête s'intensifie ? Sauver Chloe
15%
Aucun quiz correspondant
Distribution des résultats
% des personnes avec chaque résultat
Percentile par nombre de réponses
Votre historique - résultats
Vous n’avez pas pris ce quiz